Famous Writers and their Works - Statistics

General Stats
  • This quiz has been taken 910 times
    103 since last reset
  • The average score is 47 of 75
Answer Stats
Notable work(s) Author % Correct
Romeo and Juliet / King Lear / Othello / Hamlet William Shakespeare
89%
Divine Comedy Dante Alighieri
88%
War and Peace / Anna Karenina Leo Tolstoy
88%
Jane Eyre / Villette Charlotte Brontë
87%
Iliad / Odyseey Homer
87%
Sense and Sensibility / Pride and Prejudice Jane Austen
87%
The Old Man and the Sea / The Sun Also Rises Ernest Hemingway
86%
Animal Farm / 1984 George Orwell
86%
Harry Potter and the Chamber of Secrets J.K. Rowling
85%
The Lord of the Rings / The Hobbit J.R.R. Tolkien
85%
Murder on the Orient Express / Death on the Nile Agatha Christie
84%
The Great Gatsby F. Scott Fitzgerald
84%
On the Origin of Species Charles Darwin
82%
Oliver Twist / Great Expectations Charles Dickens
82%
Journey to the Center of the Earth Jules Verne
80%
Alice's Adventures in Wonderland Lewis Carroll
80%
It / The Shining / Misery / Carrie Stephen King
79%
Les Miserables / The Hunchback of Notre-Dame Victor Hugo
79%
Frankenstein Mary Shelley
78%
Stories of Sherlock Holmes / The Lost World Arthur Conan Doyle
77%
The Trial / The Metamorphosis Franz Kafka
77%
To Kill a Mockingbird Harper Lee
77%
The Picture of Dorian Gray Oscar Wilde
77%
The Adventures of Tom Sawyer / Huckleberry Finn Mark Twain
76%
The Raven / The Masque of the Red Death Edgar Alan Poe
75%
Crime and Punishment / The Brothers Karamazov Fyodor Dostoevsky
75%
Ulysses / A Portrait of the Artist as a Young Man James Joyce
75%
Don Quixote Miguel de Cervantes
75%
The Da Vinci Code / Angels & Demons / Inferno Dan Brown
73%
One Hundred Years of Solitude Gabriel Garcia Marquez
73%
Dracula Bram Stoker
72%
The Little Mermaid / The Ugly Duckling Hans Christian Andersen
70%
Hansel and Gretel / Snow White Jacob and Wilhelm Grimm
70%
The Jungle Book Rudyard Kipling
70%
Mrs. Dalloway / To the Lighthouse Virginia Woolf
70%
The Count of Monte Cristo Alexandre Dumas
68%
Moby-Dick Herman Melville
67%
Lolita / Pale Fire Vladimir Nabokov
67%
The Catcher in the Rye J.D. Salinger
66%
Candide, or Optimism Voltaire
66%
Stranger / The Plague / The Myth of Sisyphus Albert Camus
64%
A Song of Ice and Fire George R.R. Martin
64%
The Diary of a Young Girl Anne Frank
63%
Faust Johann Wolfgang von Goethe
63%
The Godfather / The Sicilian Mario Puzo
63%
Demian / Steppenwolf / Siddhartha Hermann Hesse
60%
Robinson Crusoe Daniel Defoe
59%
Little Prince Antoine de Saint-Exupery
58%
Decameron Giovanni Boccaccio
58%
The Aeneid Virgil
57%
Gulliver's Travels Jonathan Swift
55%
Thus Spoke Zarathustra Friedrich Nietzsche
54%
Waiting for Godot Samuel Beckett
51%
Dune Frank Herbert
50%
The Sound and the Fury William Faulkner
49%
The Master and Margarita Mikhail Bulgakov
48%
Tartuffe / The Misanthrope Moliere
48%
Antigone / Oedipus the King Sophocles
48%
Thérèse Raquin / Germinal / Nana Emile Zola
47%
Dead Souls / Taras Bulba Nikolai Gogol
42%
Don Juan / Childe Harold's Pilgrimage George Gordon Byron
40%
The Alchemist / Eleven Minutes Paulo Coelho
40%
Eugene Onegin Alexander Pushkin
39%
Uncle Vanya / Three Sisters / The Cherry Orchard Anton Chekhov
39%
A Passage to India E.M. Forster
39%
The Kite Runner Khaled Hosseini
38%
Pinocchio Carlo Collodi
33%
Father Goriot Honore de Balzac
32%
Triumphs / Il Canzoniere Francesco Petrarca
27%
Fathers and Sons Ivan Turgenev
27%
Cinderella / Red Riding Hood / Sleeping Beauty Charles Perrault
24%
The Robbers Friedrich Schiller
21%
And Quiet Flows the Don Mikhail Sholokhov
16%
The Wheel of Time Robert Jordan
15%
Sleepwalking Romance Federico Garcia Lorca
8%
No matching quizzes found
Score Distribution
Percent of People with Each Score
Percentile by Number Answered
Your Score History
You have not taken this quiz since the last reset